000 00380nam a2200145Ia 4500
008 230917s9999||||xx |||||||||||||| ||und||
040 _e228939
_aMAIN
041 _aEnglish
082 _a574.88 P197I
100 _aPaolella, Peter
245 0 _aIntroduction to molecular biology
260 _aNew Delhi
_bTata McGraw Hill Education
_c2010
300 _axi, 241 p.
942 _cBK
999 _c178066
_d178066